ʾAwin u-ʾāzār

Saved in:
Bibliographic Details
Other Authors: Fariqi, Leila.
Format: Audio
Language:Kurdish
Published: Stockholm : Stockholm : Sky Vision ; Sara distribution, p2002.
Subjects:
Tags: Add Tag
No Tags, Be the first to tag this record!
LEADER 01221njm a2200313 a 4500
001 009252017-0
005 20040430174918.0
008 020717s2002 sw sgn d kur
010 |a  2002334722 
028 0 2 |a SKYCD-008-2002  |b Sky Vision 
035 0 |a ocm50940092 
040 |a DLC  |c DLC  |d HMU 
042 |a lcode 
050 0 0 |a SDA 76154 
245 0 0 |a ʾAwin u-ʾāzār  |h [sound recording] /  |c [gǒrāni] Laylā = Love and pain / [singer] Leila Fariqi. 
246 3 1 |a Love and pain 
260 |a Stockholm :  |b Sky Vision ;  |a Stockholm :  |b Sara distribution,  |c p2002. 
300 |a 2 sound discs :  |b digital ;  |c 4 3/4 in. +  |e 1 booklet ([16] p. ; 12 cm.) 
500 |a Kurdish popular songs. 
546 |a Sung in Kurdish (Sorani dialect) 
511 0 |a Leila Fariqi, vocals ; with other musicians. 
500 |a Song texts and brief notes in Kurdish ([12] p. : ports.) in container. 
500 |a Compact discs. 
505 0 |a Disc 1. Ba dilm bigrî ; Nîndumkewe ; Awînî to ; Becêt dêlim ; Gunah -- Disc 2. Bangewazêk bo brakem ; Razî golebax ; Gol u paîz ; Pencerey şewêkî tox ; Kîjî xem. 
650 0 |a Songs, Kurdish. 
650 0 |a Kurds  |v Music. 
700 1 |a Fariqi, Leila. 
988 |a 20031208 
906 |0 DLC